[Event "XVII Torneo Internacional de Ajedrez "]
[Site "Albacete - ESPAÑA"]
[Date "2009.09.01"]
[Round "1.1"]
[White "Lara Granero, Bio"]
[Black "Mirzoev, Azer"]
[Result "0-1"]
[WhiteElo "2035"]
[BlackElo "2584"]
[PlyCount "134"]
[EventDate "2009.09.01"]

1. e4 c5 2. f4 Nc6 3. Nf3 e6 4. g3 d5 5. Nc3 d4 6. Ne2 d3 7. cxd3 Nb4 8. Nc3
Nxd3+ 9. Bxd3 Qxd3 10. Kf2 Nf6 11. Qe2 Qxe2+ 12. Kxe2 b6 13. d3 Be7 14. a4 a6
15. Ne5 Nd7 16. Nc4 O-O 17. g4 Rb8 18. Be3 Bb7 19. Rhg1 f5 20. gxf5 exf5 21. e5
Rfe8 22. h4 Ba8 23. h5 Nf8 24. a5 b5 25. Nb6 Red8 26. Nxa8 Rxa8 27. Nd1 Ne6 28.
Nf2 Rd5 29. Nh1 Bh4 30. Rg2 Rf8 31. Rh2 Be7 32. Ng3 Rf7 33. Rc1 Kf8 34. b4 Ke8
35. bxc5 Bxc5 36. d4 Nxd4+ 37. Bxd4 Bxd4 38. Rc8+ Kd7 39. Ra8 Kc6 40. Rxa6+ Kb7
41. Re6 b4 42. Rg2 b3 43. Nxf5 b2 44. Nxd4 b1=Q 45. Rb6+ Qxb6 46. axb6 Rxd4 47.
Ke3 Rc4 48. f5 Rxf5 49. Rxg7+ Kxb6 50. Rxh7 Rxe5+ 51. Kf3 Rh4 52. Rh6+ Kc5 53.
Rh8 Rexh5 54. Rc8+ Kb4 55. Kg3 Rc4 56. Rb8+ Rb5 57. Ra8 Kc3 58. Ra3+ Rb3 59.
Ra2 Kb4+ 60. Kf2 Rh4 61. Kg2 Rhh3 62. Ra8 Rbg3+ 63. Kf2 Kb3 64. Rb8+ Ka2 65.
Rc8 Rb3 66. Kf1 Rhc3 67. Ra8+ Kb1 0-1

[Event "XVII Torneo Internacional de Ajedrez "]
[Site "Albacete - ESPAÑA"]
[Date "2009.09.01"]
[Round "1.2"]
[White "Hernandez Carmenates, Holden"]
[Black "Garcia Roman, Jose Luis Machado"]
[Result "1-0"]
[WhiteElo "2561"]
[BlackElo "2033"]
[PlyCount "78"]
[EventDate "2009.09.01"]

1. d4 f5 2. c4 Nf6 3. Nf3 g6 4. Nc3 Bg7 5. Bg5 d6 6. Qc2 c6 7. e3 Qa5 8. Be2
Nbd7 9. a3 e5 10. b4 Qc7 11. dxe5 Nxe5 12. Nd4 O-O 13. O-O Kh8 14. Rfd1 Qf7 15.
Qb3 Ne4 16. Nxe4 fxe4 17. Rf1 h6 18. Bf4 a6 19. Rad1 g5 20. Bg3 Qg6 21. Rd2 Bd7
22. Rfd1 Rad8 23. b5 axb5 24. cxb5 d5 25. Rc1 Rc8 26. Qd1 c5 27. Nb3 c4 28.
Bxe5 Bxe5 29. Na5 Qf6 30. f3 Qb6 31. Rxd5 Qxe3+ 32. Kh1 exf3 33. Bxf3 Be6 34.
Nxc4 Rxc4 35. Rxc4 Rxf3 36. gxf3 Bxd5 37. Qxd5 Qe1+ 38. Kg2 Qe2+ 39. Kh3 Qxh2+
1-0

[Event "XVII Torneo Internacional de Ajedrez "]
[Site "Albacete - ESPAÑA"]
[Date "2009.09.01"]
[Round "1.4"]
[White "Khamrakulov, Ibragim S"]
[Black "Picazo Lopez, Ignacio"]
[Result "1/2-1/2"]
[WhiteElo "2554"]
[BlackElo "1993"]
[PlyCount "65"]
[EventDate "2009.09.01"]

1. e4 d5 2. exd5 Nf6 3. d4 Nxd5 4. c4 Nb6 5. Nc3 e5 6. Nf3 exd4 7. Qxd4 Qxd4 8.
Nxd4 Bc5 9. Be3 O-O 10. O-O-O Nc6 11. Ncb5 Nxd4 12. Bxd4 Bxd4 13. Rxd4 c5 14.
Rd2 Bd7 15. Nc3 Bc6 16. f3 Rad8 17. Bd3 Rd7 18. b3 Rfd8 19. Rhd1 Nc8 20. a3 Rd4
21. b4 b6 22. Kc2 g6 23. b5 Bb7 24. Ne2 R4d6 25. a4 Kf8 26. h4 h5 27. Kc3 Ke7
28. a5 a6 29. bxa6 Bxa6 30. Ra1 b5 31. cxb5 Bxb5 32. Rad1 Na7 33. Nc1 1/2-1/2

[Event "XVII Torneo Internacional de Ajedrez "]
[Site "Albacete - ESPAÑA"]
[Date "2009.09.01"]
[Round "1.5"]
[White "Bernabe Monteagudo, Francesc *"]
[Black "Rivas Pastor, Manuel"]
[Result "0-1"]
[WhiteElo "1973"]
[BlackElo "2529"]
[PlyCount "46"]
[EventDate "2009.09.01"]

1. d4 Nf6 2. Nf3 g6 3. c4 Bg7 4. Nc3 d5 5. cxd5 Nxd5 6. e4 Nxc3 7. bxc3 c5 8.
Be2 Nc6 9. Be3 cxd4 10. cxd4 Qa5+ 11. Qd2 Qxd2+ 12. Kxd2 O-O 13. Rab1 Rd8 14.
Kc3 b6 15. Bb5 Bb7 16. Rhd1 Rac8 17. Kd3 Nxd4 18. Bxd4 Bxd4 19. Nxd4 e5 20. Ke3
Rc3+ 21. Rd3 exd4+ 22. Kf4 g5+ 23. Kf3 f5 0-1

[Event "XVII Torneo Internacional de Ajedrez "]
[Site "Albacete - ESPAÑA"]
[Date "2009.09.01"]
[Round "1.6"]
[White "Ortiz Suarez, Isan Reynaldo"]
[Black "Villasenor Rubio, Emilio Jose"]
[Result "1-0"]
[WhiteElo "2517"]
[BlackElo "1963"]
[PlyCount "79"]
[EventDate "2009.09.01"]

1. e4 c5 2. Nf3 d6 3. d4 cxd4 4. Nxd4 Nf6 5. Nc3 a6 6. Be3 e5 7. Nb3 Be6 8. Qd2
Be7 9. O-O-O Nbd7 10. f4 Ng4 11. g3 Nxe3 12. Qxe3 Nf6 13. Kb1 Qc7 14. f5 Bc4
15. Bxc4 Qxc4 16. Nd5 Nxd5 17. Rxd5 Rc8 18. c3 Bg5 19. Qf3 Ke7 20. h4 Bh6 21.
Rhd1 Rhd8 22. g4 Bf4 23. Nd4 Rc5 24. Ne2 Rxd5 25. Rxd5 Bh2 26. g5 f6 27. gxf6+
gxf6 28. b3 Qc6 29. Qg2 Bf4 30. Qg7+ Ke8 31. Qxf6 Kd7 32. Qf7+ Kc8 33. Qxh7 Qb6
34. f6 Qe3 35. Qf5+ Kc7 36. Nxf4 exf4 37. f7 f3 38. Kb2 Qe2+ 39. Ka3 f2 40.
f8=Q 1-0

[Event "XVII Torneo Internacional de Ajedrez "]
[Site "Albacete - ESPAÑA"]
[Date "2009.09.01"]
[Round "1.7"]
[White "Diaz Illescas, Juan Carlos *"]
[Black "Suba, Mihai"]
[Result "0-1"]
[WhiteElo "1947"]
[BlackElo "2501"]
[PlyCount "42"]
[EventDate "2009.09.01"]

1. e4 c5 2. f4 d5 3. exd5 a6 4. Nf3 Nf6 5. Nc3 Nxd5 6. Nxd5 Qxd5 7. Ne5 e6 8.
Qf3 Qxf3 9. Nxf3 Bd6 10. d3 Nc6 11. Bd2 b6 12. Be2 Bb7 13. O-O h6 14. a3 f5 15.
Bc3 Rg8 16. Ne5 Bxe5 17. Bxe5 Nxe5 18. fxe5 Ke7 19. b4 Rac8 20. c4 Rgd8 21.
Rab1 Ba8 {...} 0-1

[Event "XVII Torneo Internacional de Ajedrez "]
[Site "Albacete - ESPAÑA"]
[Date "2009.09.01"]
[Round "1.8"]
[White "Alvarez Pedraza, Aramis"]
[Black "Septien Lopez, Valeriano *"]
[Result "1-0"]
[WhiteElo "2479"]
[BlackElo "1945"]
[PlyCount "57"]
[EventDate "2009.09.01"]

1. d4 d5 2. c4 dxc4 3. e4 Nf6 4. Nc3 c5 5. d5 e5 6. Nf3 Bd6 7. Nd2 a6 8. a4 O-O
9. Nxc4 Ne8 10. Bd3 Nd7 11. O-O Nb6 12. Ne3 Bb8 13. b3 Nd6 14. Ba3 Ba7 15. Ne2
Nd7 16. Kh1 b5 17. Ng3 Nf6 18. Rc1 b4 19. Bb2 Re8 20. f4 Nd7 21. Nef5 Nxf5 22.
Nxf5 Nf6 23. fxe5 Bxf5 24. Rxf5 Nd7 25. Qg4 Re7 26. Rcf1 Nf8 27. Bc4 Bb8 28. d6
Re6 29. Rxf7 1-0

[Event "XVII Torneo Internacional de Ajedrez "]
[Site "Albacete - ESPAÑA"]
[Date "2009.09.01"]
[Round "1.9"]
[White "Ontanon Gomez, Pablo"]
[Black "Pogorelov, Ruslan"]
[Result "0-1"]
[WhiteElo "1916"]
[BlackElo "2477"]
[PlyCount "74"]
[EventDate "2009.09.01"]

1. e4 c5 2. Nf3 Nc6 3. d4 cxd4 4. Nxd4 Qc7 5. c4 Nf6 6. Nc3 Nxe4 7. Nxe4 Qe5 8.
Nxc6 Qxe4+ 9. Be2 dxc6 10. O-O g6 11. Be3 Bg7 12. Qd2 Qe5 13. Rad1 O-O 14. Bd4
Qxd4 15. Qxd4 Bxd4 16. Rxd4 e5 17. Rd2 Be6 18. Rfd1 Rfe8 19. b3 Kf8 20. Kf1 Ke7
21. Bf3 a5 22. c5 a4 23. b4 a3 24. b5 Red8 25. bxc6 Rxd2 26. Rxd2 bxc6 27. Bxc6
Rc8 28. Ba4 Rxc5 29. Ke2 Rc1 30. Kd3 Rc4 31. Bd1 Rd4+ 32. Kc3 Rxd2 33. Kxd2
Bxa2 34. Kc3 Bd5 35. g4 g5 36. f3 h6 37. h3 Kd6 0-1

[Event "XVII Torneo Internacional de Ajedrez "]
[Site "Albacete - ESPAÑA"]
[Date "2009.09.01"]
[Round "1.10"]
[White "Gomez Garrido, Camilo"]
[Black "Buendia Pinar, Alvaro"]
[Result "1-0"]
[WhiteElo "2473"]
[BlackElo "1893"]
[PlyCount "93"]
[EventDate "2009.09.01"]

1. e4 e6 2. d4 d5 3. Nd2 Nf6 4. e5 Nfd7 5. Bd3 c5 6. c3 Nc6 7. Ne2 Qb6 8. Nf3
cxd4 9. cxd4 Bb4+ 10. Bd2 Bxd2+ 11. Qxd2 Qb4 12. Qxb4 Nxb4 13. Kd2 Nxd3 14.
Kxd3 Nb6 15. b3 Bd7 16. a4 Rc8 17. Rac1 O-O 18. Rc5 Rc6 19. Rhc1 Rfc8 20. g4
Na8 21. g5 b6 22. Rxc6 Rxc6 23. Rg1 Nc7 24. Nc3 Na6 25. h4 Nb4+ 26. Kd2 Rc8 27.
h5 Kf8 28. h6 Ke7 29. hxg7 Rg8 30. Rh1 Rxg7 31. Ne2 b5 32. axb5 Bxb5 33. Nf4 a6
34. Nh5 Rg8 35. Nf6 Rc8 36. Ne1 Nc6 37. Rxh7 Nxd4 38. g6 Nxb3+ 39. Ke3 Rc1 40.
Rxf7+ Kd8 41. g7 Rxe1+ 42. Kf4 Rg1 43. Ng4 d4 44. g8=Q+ Be8 45. Rf8 d3 46.
Rxe8+ Kc7 47. Qf7+ 1-0

[Event "XVII Torneo Internacional de Ajedrez "]
[Site "Albacete - ESPAÑA"]
[Date "2009.09.01"]
[Round "1.11"]
[White "Amores Cano, Victor *"]
[Black "Pozo Vera, Sandro"]
[Result "0-1"]
[WhiteElo "1886"]
[BlackElo "2464"]
[PlyCount "34"]
[EventDate "2009.09.01"]

1. e4 e6 2. d4 d5 3. exd5 exd5 4. Bf4 Nf6 5. Bd3 c5 6. Nc3 c4 7. Be2 Bb4 8. Bd2
Nc6 9. Nb1 Bxd2+ 10. Qxd2 Ne4 11. Qe3 O-O 12. c3 Re8 13. Qf4 Qb6 14. Qc1 Nxd4
15. cxd4 Qxd4 16. Nf3 Qxf2+ 17. Kd1 Ng3 0-1

[Event "XVII Torneo Internacional de Ajedrez "]
[Site "Albacete - ESPAÑA"]
[Date "2009.09.01"]
[Round "1.12"]
[White "Fernandez Romero, Ernesto"]
[Black "Menendez Solar, Jose Carlos *"]
[Result "1-0"]
[WhiteElo "2457"]
[BlackElo "1876"]
[PlyCount "67"]
[EventDate "2009.09.01"]

1. e4 e6 2. d4 d5 3. Nd2 Nf6 4. e5 Nfd7 5. c3 c5 6. f4 Nc6 7. Ndf3 Qb6 8. a3 a5
9. h4 a4 10. Rh3 Be7 11. h5 c4 12. Rg3 Rg8 13. Nh3 Nf8 14. Nf2 Bd7 15. Ng4 g6
16. Rb1 O-O-O 17. Nf6 Bxf6 18. exf6 Be8 19. Ne5 Nb8 20. hxg6 hxg6 21. Rh3 Nbd7
22. Ng4 Kb8 23. Be3 Rc8 24. Bf2 Qd8 25. Nh6 Rh8 26. Nxf7 Bxf7 27. Rxh8 Qxf6 28.
Rh3 g5 29. fxg5 Qxg5 30. Qf3 Bg6 31. Qg3+ Qxg3 32. Bxg3+ Ka8 33. Rd1 e5 34.
dxe5 1-0

[Event "XVII Torneo Internacional de Ajedrez "]
[Site "Albacete - ESPAÑA"]
[Date "2009.09.01"]
[Round "1.13"]
[White "Escalante Ortega, Fernando *"]
[Black "Guerra Mendez, Jose Angel"]
[Result "0-1"]
[WhiteElo "1867"]
[BlackElo "2438"]
[PlyCount "42"]
[EventDate "2009.09.01"]

1. e4 c5 2. Nf3 d6 3. d4 cxd4 4. Nxd4 Nf6 5. Nc3 a6 6. Bg5 e6 7. f4 Bd7 8. Qf3
Nc6 9. O-O-O Qb6 10. Nb3 Be7 11. g4 h6 12. Bh4 g5 13. Bf2 Qc7 14. e5 dxe5 15.
fxg5 hxg5 16. Nc5 Nd4 17. Bxd4 Bc6 18. N3e4 Nxe4 19. Nxe4 exd4 20. Qd3 Qf4+ 21.
Kb1 Qxe4 0-1

[Event "XVII Torneo Internacional de Ajedrez "]
[Site "Albacete - ESPAÑA"]
[Date "2009.09.01"]
[Round "1.14"]
[White "Spassov, Liuben"]
[Black "Atienza, Hilario"]
[Result "1-0"]
[WhiteElo "2434"]
[BlackElo "1857"]
[PlyCount "67"]
[EventDate "2009.09.01"]

1. d4 d5 2. c4 c6 3. Nf3 Nf6 4. Qc2 Bg4 5. Nbd2 e6 6. g3 Nbd7 7. Bg2 Be7 8. O-O
O-O 9. e4 dxe4 10. Nxe4 Nxe4 11. Qxe4 Nf6 12. Qe3 Qb6 13. b3 Rfe8 14. h3 Bh5
15. Ne5 Rad8 16. g4 Bg6 17. Bb2 Nd7 18. Nxg6 hxg6 19. Rad1 e5 20. Rfe1 Bb4 21.
Re2 Nf6 22. d5 Qxe3 23. Rxe3 Bc5 24. Rxe5 Rxe5 25. Bxe5 cxd5 26. Bxd5 Nxd5 27.
Rxd5 Rxd5 28. cxd5 f6 29. Bf4 Kf7 30. Kf1 Ke7 31. Ke2 g5 32. Bg3 Bd6 33. Kd3
Bxg3 34. fxg3 1-0

[Event "XVII Torneo Internacional de Ajedrez "]
[Site "Albacete - ESPAÑA"]
[Date "2009.09.01"]
[Round "1.15"]
[White "Diaz Rios, Ignacio Jose"]
[Black "Gomez Ledo, Roberto Carlos"]
[Result "0-1"]
[WhiteElo "1847"]
[BlackElo "2423"]
[PlyCount "104"]
[EventDate "2009.09.01"]

1. e4 d6 2. d4 Nf6 3. f3 Nbd7 4. c4 e5 5. d5 Be7 6. Nc3 O-O 7. Be3 Nh5 8. Qd2
g6 9. Nge2 f5 10. Nc1 Bh4+ 11. Bf2 Bxf2+ 12. Qxf2 Ndf6 13. Bd3 Bd7 14. O-O Nf4
15. b4 Qe7 16. Qc2 Rf7 17. Nb3 Raf8 18. c5 fxe4 19. Bxe4 Nxe4 20. Nxe4 Bf5 21.
Na5 Nxd5 22. Qb3 Bxe4 23. fxe4 Rxf1+ 24. Rxf1 Rxf1+ 25. Kxf1 Qf7+ 26. Ke2 Nf4+
27. Kf3 Ne6+ 28. Ke3 Kg7 29. g3 b6 30. cxb6 cxb6 31. Nc6 Qd7 32. Qd5 Nc7 33.
Qc4 b5 34. Qc3 Ne6 35. a3 Qc7 36. Kd2 Ng5 37. Qe3 Nf3+ 38. Qxf3 Qxc6 39. Qg4 d5
40. Qg5 Qd6 41. exd5 Qxd5+ 42. Ke1 Kf7 43. Qe3 Ke6 44. h4 Qd4 45. Qf3 e4 46.
Qg4+ Kd5 47. Qd7+ Kc4 48. Qc6+ Kb3 49. Qxb5 Qe3+ 50. Kd1 Qd3+ 51. Qxd3+ exd3
52. Kd2 Kxa3 0-1

[Event "XVII Torneo Internacional de Ajedrez "]
[Site "Albacete - ESPAÑA"]
[Date "2009.09.01"]
[Round "1.16"]
[White "Marholev, Dimitar"]
[Black "Boj Marques, Javier"]
[Result "1-0"]
[WhiteElo "2413"]
[BlackElo "1836"]
[PlyCount "67"]
[EventDate "2009.09.01"]

1. e4 e6 2. d4 d5 3. Nd2 Nf6 4. e5 Nfd7 5. Bd3 c5 6. c3 Nc6 7. Ne2 cxd4 8. cxd4
Qb6 9. Nf3 f6 10. exf6 Nxf6 11. O-O Bd6 12. Nc3 O-O 13. a3 e5 14. dxe5 Nxe5 15.
Nxe5 Bxe5 16. h3 Bxc3 17. bxc3 Bd7 18. Rb1 Qc7 19. Qb3 Bc6 20. Be3 Kh8 21. Rfe1
b6 22. Bd4 Ne4 23. Qc2 Qf4 24. Re3 Qxf2+ 25. Qxf2 Nxf2 26. Rg3 Nxd3 27. Bxg7+
Kg8 28. Bxf8+ Kxf8 29. Rxd3 Ke7 30. Re1+ Kd6 31. c4 Kc5 32. cxd5 Bxd5 33. Rc1+
Bc4 34. Rd7 1-0

[Event "XVII Torneo Internacional de Ajedrez "]
[Site "Albacete - ESPAÑA"]
[Date "2009.09.01"]
[Round "1.17"]
[White "Ontanon Gomez, Jesus"]
[Black "Fernandez Cardoso, Alexey"]
[Result "0-1"]
[WhiteElo "1831"]
[BlackElo "2413"]
[PlyCount "112"]
[EventDate "2009.09.01"]

1. e4 c5 2. Nf3 Nc6 3. d4 cxd4 4. Nxd4 e5 5. Nb5 d6 6. N1c3 a6 7. Na3 b5 8. Nd5
Nge7 9. c4 Nxd5 10. cxd5 Nd4 11. Bd3 g6 12. Be3 Bg7 13. O-O O-O 14. Nc2 Kh8 15.
Nxd4 exd4 16. Bd2 f5 17. f3 Bd7 18. Rc1 Be5 19. f4 Bg7 20. exf5 Bxf5 21. Bxf5
Rxf5 22. Qf3 Qg8 23. Bb4 Rxd5 24. Rc6 a5 25. Rxd6 Rxd6 26. Bxd6 Rd8 27. Bc7 Rc8
28. Be5 Rd8 29. Bc7 Re8 30. Be5 Qxa2 31. Bxg7+ Kxg7 32. Qb7+ Qf7 33. Qxb5 Qe6
34. f5 gxf5 35. Qxf5 a4 36. Qxe6 Rxe6 37. Rd1 Re4 38. Kf2 Kf6 39. Rd3 Ke5 40.
Ra3 Kd5 41. Rxa4 Re7 42. Ra1 Rb7 43. Rb1 Kc4 44. Ke2 d3+ 45. Kd2 Rf7 46. Re1
Rf2+ 47. Ke3 Rxg2 48. h3 Rxb2 49. Rc1+ Rc2 50. Rg1 Rb2 51. Rg7 Re2+ 52. Kf3 h5
53. Rh7 Re1 54. Rd7 Kc3 55. Rd8 d2 56. Rc8+ Kb4 0-1

[Event "XVII Torneo Internacional de Ajedrez "]
[Site "Albacete - ESPAÑA"]
[Date "2009.09.01"]
[Round "1.18"]
[White "Hoffman, Alejandro"]
[Black "Smith, David J"]
[Result "1-0"]
[WhiteElo "2408"]
[BlackElo "1828"]
[PlyCount "45"]
[EventDate "2009.09.01"]

1. d4 Nf6 2. Nf3 e6 3. e3 c5 4. c4 d5 5. Nc3 Bd6 6. cxd5 exd5 7. dxc5 Bxc5 8.
Be2 Nc6 9. O-O O-O 10. b3 a6 11. Bb2 Be6 12. Rc1 Ba7 13. Na4 Rc8 14. Nc5 Qe7
15. Nxe6 fxe6 16. Ne5 Ne4 17. Nxc6 Rxc6 18. Rxc6 bxc6 19. Bxa6 e5 20. Qc1 c5
21. Bd3 Nf6 22. e4 c4 23. Ba3 1-0

[Event "XVII Torneo Internacional de Ajedrez "]
[Site "Albacete - ESPAÑA"]
[Date "2009.09.01"]
[Round "1.19"]
[White "Madurga Lopez, Ignacio"]
[Black "Dolezal, Cristian"]
[Result "0-1"]
[WhiteElo "1821"]
[BlackElo "2403"]
[PlyCount "68"]
[EventDate "2009.09.01"]

1. e4 c5 2. Nf3 e6 3. c3 d5 4. e5 Nc6 5. d4 Bd7 6. a3 c4 7. Nbd2 Na5 8. g3 Bc6
9. h4 Qd7 10. Bh3 Ba4 11. Qe2 O-O-O 12. O-O Kb8 13. Re1 Bc2 14. Nf1 Bd3 15. Qd1
Nb3 16. Bg5 Nxa1 17. Bxd8 Nc2 18. Bg5 h6 19. Bf4 Nxe1 20. Nxe1 Bh7 21. Nh2 Ne7
22. Bc1 Nc6 23. Ng2 Be7 24. Nf4 Rc8 25. Nh5 Rg8 26. Qf3 Bd8 27. Ng4 Bf5 28. Bg2
Qe8 29. Ne3 Be4 30. Qg4 Bxg2 31. Nxg2 g6 32. Nf6 Bxf6 33. exf6 h5 34. Bf4+ e5
0-1

[Event "XVII Torneo Internacional de Ajedrez "]
[Site "Albacete - ESPAÑA"]
[Date "2009.09.02"]
[Round "2.1"]
[White "Mirzoev, Azer"]
[Black "Fernandez Cardoso, Alexey"]
[Result "0-1"]
[WhiteElo "2584"]
[BlackElo "2413"]
[PlyCount "72"]
[EventDate "2009.09.01"]

1. d4 d5 2. Nf3 Nf6 3. c4 c6 4. e3 e6 5. Be2 dxc4 6. Bxc4 Nbd7 7. Nc3 b5 8. Be2
Bd6 9. O-O O-O 10. b3 Bb7 11. Bb2 Qe7 12. Qc2 Rac8 13. Rfd1 a6 14. a4 Rc7 15.
Rac1 Rfc8 16. e4 Bf4 17. e5 Ng4 18. Rb1 c5 19. d5 Ngxe5 20. axb5 Nxf3+ 21. Bxf3
a5 22. Qe2 Ne5 23. Be4 f5 24. d6 Bxh2+ 25. Kf1 Qh4 26. dxc7 Bf4 27. Ke1 fxe4
28. Rd8+ Kf7 29. g3 Qh1+ 30. Qf1 Nf3+ 31. Ke2 Nd4+ 32. Rxd4 Qf3+ 33. Ke1 cxd4
34. Ne2 Bd2+ 35. Kxd2 Qd3+ 36. Kc1 Rxc7+ 0-1

[Event "XVII Torneo Internacional de Ajedrez "]
[Site "Albacete - ESPAÑA"]
[Date "2009.09.02"]
[Round "2.2"]
[White "Dolezal, Cristian"]
[Black "Hernandez Carmenates, Holden"]
[Result "1/2-1/2"]
[WhiteElo "2403"]
[BlackElo "2561"]
[PlyCount "124"]
[EventDate "2009.09.01"]

1. e4 c5 2. Nf3 d6 3. d4 cxd4 4. Nxd4 Nf6 5. Nc3 a6 6. Be2 e6 7. O-O Be7 8. f4
Qc7 9. Bf3 O-O 10. Be3 Nc6 11. Nxc6 bxc6 12. Na4 Rb8 13. c4 c5 14. Qc2 Bb7 15.
Rad1 Nd7 16. Rd3 Rbd8 17. Qf2 g6 18. Rfd1 Bc6 19. Nc3 f5 20. exf5 gxf5 21. Qe2
Bxf3 22. Qxf3 Rf6 23. Bd2 Rb8 24. b3 Qb7 25. Qe2 Rh6 26. Nd5 Bf8 27. Rh3 Rg6
28. Qh5 Nb6 29. Ne3 Qf7 30. Bc3 Rb7 31. Qf3 Rb8 32. Rd2 Nc8 33. Qd1 Bg7 34. Qa1
Rb7 35. Rf3 Rd7 36. Rf1 h6 37. Rfd1 Qe7 38. g3 h5 39. Re1 Bxc3 40. Qxc3 Qg7 41.
Qxg7+ Kxg7 42. Ng2 Kf7 43. Nh4 Rh6 44. Nf3 Ke8 45. Kf2 a5 46. h3 Re7 47. Re3
Kd7 48. a3 Kc7 49. b4 axb4 50. axb4 cxb4 51. Rb2 Na7 52. Rxb4 Nc6 53. Rb5 Rh8
54. Reb3 Rb8 55. Rxb8 Nxb8 56. Nd4 Na6 57. Re3 Kd7 58. Ra3 Nc5 59. Kf3 Ke8 60.
Nb5 Ne4 61. Ra8+ Kf7 62. Rd8 Nd2+ 1/2-1/2

[Event "XVII Torneo Internacional de Ajedrez "]
[Site "Albacete - ESPAÑA"]
[Date "2009.09.02"]
[Round "2.3"]
[White "Korneev, Oleg"]
[Black "Hoffman, Alejandro"]
[Result "0-1"]
[WhiteElo "2554"]
[BlackElo "2408"]
[PlyCount "78"]
[EventDate "2009.09.01"]

1. e4 d6 2. d4 Nf6 3. Nc3 e5 4. Nf3 Nbd7 5. Bc4 Be7 6. O-O Nb6 7. Be2 exd4 8.
Nxd4 O-O 9. a4 a5 10. f4 Re8 11. Bf3 Bf8 12. Kh1 c6 13. b3 Nbd7 14. Nf5 Nc5 15.
Ng3 h5 16. Bxh5 Ncxe4 17. Ncxe4 Nxe4 18. Nxe4 Rxe4 19. Be2 Qh4 20. Bd3 Bg4 21.
Qd2 Re6 22. f5 Rh6 23. Qf4 d5 24. Bb2 Re8 25. Be5 Rxe5 26. Qxe5 Bd6 27. Qe8+
Kh7 28. f6+ Rg6 29. Bxg6+ fxg6 30. h3 Bxh3 31. Qe1 Bxg2+ 32. Kxg2 Qg4+ 33. Kf2
Bc5+ 34. Qe3 Qf4+ 35. Kg2 Qxe3 36. f7 Qe2+ 37. Kh3 Bd6 38. f8=N+ Kh6 39. Rh1
Qf3+ 0-1

[Event "XVII Torneo Internacional de Ajedrez "]
[Site "Albacete - ESPAÑA"]
[Date "2009.09.02"]
[Round "2.4"]
[White "Rivas Pastor, Manuel"]
[Black "Kovacevic, Slobodan"]
[Result "1/2-1/2"]
[WhiteElo "2529"]
[BlackElo "2380"]
[PlyCount "45"]
[EventDate "2009.09.01"]

1. e4 c5 2. Nf3 e6 3. c3 d5 4. e5 Nc6 5. d4 Nge7 6. Na3 cxd4 7. cxd4 Nf5 8. Nc2
Qa5+ 9. Bd2 Qb6 10. Bc3 Be7 11. Bd3 Bd7 12. O-O a5 13. a3 a4 14. g4 Nh4 15.
Nxh4 Bxh4 16. f4 Be7 17. Kg2 g6 18. Rc1 Na5 19. Qe2 h5 20. h3 Nb3 21. Rcd1
O-O-O 22. Rh1 Kb8 23. Rdf1 1/2-1/2

[Event "XVII Torneo Internacional de Ajedrez "]
[Site "Albacete - ESPAÑA"]
[Date "2009.09.02"]
[Round "2.5"]
[White "Espinosa Aranda, Angel"]
[Black "Ortiz Suarez, Isan Reynaldo"]
[Result "1/2-1/2"]
[WhiteElo "2356"]
[BlackElo "2517"]
[PlyCount "123"]
[EventDate "2009.09.01"]

1. e4 c5 2. Nf3 e6 3. d4 cxd4 4. Nxd4 Nf6 5. Nc3 d6 6. Be3 a6 7. f3 b5 8. Qd2
Nbd7 9. g4 Nb6 10. O-O-O Bb7 11. Bd3 Rc8 12. Rhe1 Be7 13. g5 Nfd7 14. h4 Ne5
15. Kb1 b4 16. Nce2 Nbc4 17. Bxc4 Nxc4 18. Qd3 a5 19. Ka1 Ba6 20. b3 Nxe3 21.
Qxe3 Qb6 22. c4 a4 23. Nc2 Qa5 24. Kb2 O-O 25. Ned4 Rc7 26. f4 Rb8 27. Qd2 Bf8
28. f5 exf5 29. exf5 d5 30. Re5 Bb7 31. Qe2 Ra8 32. g6 axb3 33. axb3 Qa2+ 34.
Kc1 dxc4 35. gxf7+ Kh8 36. f6 gxf6 37. Rg5 Rxf7 38. Qxc4 Rg7 39. Rxg7 Bxg7 40.
Nf5 Qa5 41. Nxg7 Rc8 42. Qd4 Qc7 43. Rd2 Qxg7 44. Qd8+ Rxd8 45. Rxd8+ Qg8 46.
Rxg8+ Kxg8 47. Nxb4 Kg7 48. Kd2 Kg6 49. Ke3 Kf5 50. Nd3 Kg4 51. b4 h5 52. b5 f5
53. b6 Kg3 54. Nf4 Kxh4 55. Ng6+ Kg3 56. Nf4 h4 57. Ne2+ Kg4 58. Nf4 Ba8 59.
Nd3 h3 60. Nf2+ Kg3 61. Nxh3 Kxh3 62. Kf4 1/2-1/2

[Event "XVII Torneo Internacional de Ajedrez "]
[Site "Albacete - ESPAÑA"]
[Date "2009.09.02"]
[Round "2.6"]
[White "Suba, Mihai"]
[Black "Fenollar Jorda, Manuel"]
[Result "1/2-1/2"]
[WhiteElo "2501"]
[BlackElo "2311"]
[PlyCount "129"]
[EventDate "2009.09.01"]

1. c4 Nf6 2. Nc3 c5 3. Nf3 b6 4. e4 d6 5. d4 cxd4 6. Nxd4 Bb7 7. Bd3 e6 8. O-O
Be7 9. f4 Nbd7 10. f5 Nc5 11. fxe6 fxe6 12. Bc2 O-O 13. Qe2 d5 14. cxd5 exd5
15. e5 Nfe4 16. Be3 Qc7 17. Nf5 Nxc3 18. bxc3 Qxe5 19. Qg4 Bf6 20. Bd4 Qc7 21.
Nh6+ Kh8 22. Rxf6 Rxf6 23. Bxf6 gxf6 24. Rf1 Qg7 25. Qh4 d4 26. g3 d3 27. Bb3
Rf8 28. Nf5 Qg5 29. Qd4 Be4 30. Nd6 Bg6 31. Bd5 Kg7 32. Nb5 Qe5 33. Nxa7 Rd8
34. Qxe5 fxe5 35. c4 e4 36. Nc6 Rxd5 37. cxd5 e3 38. Nd4 d2 39. g4 Bd3 40. Rd1
Ne4 41. Nf5+ Kf6 42. Nxe3 Be2 43. Ra1 Ke5 44. h3 Kd4 45. d6 Nxd6 46. Kf2 Kd3
47. Nd5 Ne4+ 48. Kg2 b5 49. Nf4+ Ke3 50. Nxe2 Kxe2 51. h4 h6 52. Rg1 b4 53. Ra1
Nc3 54. g5 hxg5 55. hxg5 Ne4 56. g6 Nf6 57. Kg3 d1=Q 58. Rxd1 Kxd1 59. Kf4 Kc2
60. Kf5 Ng8 61. g7 Kb2 62. Kg6 Kxa2 63. Kf7 Nh6+ 64. Kg6 Ng8 65. Kf7 1/2-1/2

[Event "XVII Torneo Internacional de Ajedrez "]
[Site "Albacete - ESPAÑA"]
[Date "2009.09.02"]
[Round "2.7"]
[White "Cano Sanchez, Josue"]
[Black "Alvarez Pedraza, Aramis"]
[Result "1-0"]
[WhiteElo "2308"]
[BlackElo "2479"]
[PlyCount "83"]
[EventDate "2009.09.01"]

1. d4 Nf6 2. Nf3 e6 3. Bg5 h6 4. Bh4 d6 5. Nbd2 g5 6. Bg3 Nh5 7. e4 Bg7 8. c3
Nc6 9. Nc4 O-O 10. Nfd2 Nxg3 11. hxg3 f5 12. exf5 exf5 13. Ne3 f4 14. gxf4 gxf4
15. Nc2 Re8+ 16. Be2 Bg4 17. Nf3 Qf6 18. Kf1 Ne7 19. Qd2 Ng6 20. Re1 c6 21. Bd1
h5 22. Ng1 Qg5 23. Rxe8+ Rxe8 24. Ne1 c5 25. Ngf3 Qf6 26. Bb3+ Kh8 27. dxc5
dxc5 28. Qd5 Bh6 29. Qxb7 Ne5 30. Qd5 Qa6+ 31. Kg1 Qe2 32. Bd1 Nxf3+ 33. Nxf3
Qe7 34. Rxh5 Qf6 35. Qxc5 Bxh5 36. Qxh5 Re7 37. Kh2 Kg8 38. Bb3+ Kg7 39. Bc2
Rf7 40. Nd4 Bg5 41. Nf5+ Kf8 42. f3 {.....} 1-0

[Event "XVII Torneo Internacional de Ajedrez "]
[Site "Albacete - ESPAÑA"]
[Date "2009.09.02"]
[Round "2.8"]
[White "Pogorelov, Ruslan"]
[Black "Fernandez Barrera, Victor"]
[Result "1-0"]
[WhiteElo "2477"]
[BlackElo "2302"]
[PlyCount "85"]
[EventDate "2009.09.01"]

1. Nf3 Nf6 2. c4 g6 3. Nc3 d5 4. cxd5 Nxd5 5. Qa4+ Bd7 6. Qc2 Nb6 7. d4 Bg7 8.
e4 O-O 9. Be3 Bg4 10. Ne5 Bxe5 11. dxe5 Nc6 12. h3 Be6 13. Rd1 Qc8 14. f4 Rd8
15. Be2 Nb4 16. Qb1 Rxd1+ 17. Bxd1 Nc4 18. Kf2 c5 19. Be2 Nxe3 20. Kxe3 c4 21.
Kf3 Qc5 22. Qg1 Qxg1 23. Rxg1 Rd8 24. a3 Nc6 25. Rd1 Rxd1 26. Bxd1 g5 27. Ba4
Nd8 28. f5 Bc8 29. Nd5 Kf8 30. Kg4 h6 31. Kh5 e6 32. Ne3 Kg7 33. f6+ Kh7 34.
Nxc4 b6 35. Bb5 a6 36. Be8 a5 37. Nd6 Ba6 38. Nxf7 Be2+ 39. g4 Nb7 40. Nxh6 Nc5
41. Bg6+ Kh8 42. Nf7+ Kg8 43. Nxg5 1-0